MARC details
| 000 -LEADER |
| fixed length control field |
00877nam a2200205 4500 |
| 008 - FIXED-LENGTH DATA ELEMENTS--GENERAL INFORMATION |
| fixed length control field |
171212b xxu||||| |||| 00| 0 eng d |
| 020 ## - INTERNATIONAL STANDARD BOOK NUMBER |
| International Standard Book Number |
0134348958 |
| 082 ## - DEWEY DECIMAL CLASSIFICATION NUMBER |
| Edition number |
1997 |
| Classification number |
DC 808.042 |
| Item number |
W72 |
| 100 ## - MAIN ENTRY--PERSONAL NAME |
| 9 (RLIN) |
24902 |
| Personal name |
Winkler, Anthony C.,author. |
| 245 ## - TITLE STATEMENT |
| Title |
Writing talk : |
| Remainder of title |
Sentences and paragraphs with readings / |
| Statement of responsibility, etc. |
Anthony C. Winkler, Jo Ray McCuen-Metherell. |
| 260 ## - PUBLICATION, DISTRIBUTION, ETC. (IMPRINT) |
| Place of publication, distribution, etc. |
Upper Saddle River, N.J. : |
| Name of publisher, distributor, etc. |
Prentice Hall, |
| Date of publication, distribution, etc. |
©2003. |
| 300 ## - PHYSICAL DESCRIPTION |
| Extent |
xvi, 432 pages : |
| Other physical details |
illustrations ; |
| Accompanying material |
27cm. |
| 500 ## - GENERAL NOTE |
| General note |
Includes index. |
| 650 #0 - SUBJECT ADDED ENTRY--TOPICAL TERM |
| 9 (RLIN) |
24905 |
| Topical term or geographic name as entry element |
English language |
| General subdivision |
Sentences -- Problems, exercises, etc. |
| 650 #0 - SUBJECT ADDED ENTRY--TOPICAL TERM |
| 9 (RLIN) |
24906 |
| Topical term or geographic name as entry element |
English language |
| General subdivision |
Paragraphs -- Problems, exercises, etc |
| 650 #0 - SUBJECT ADDED ENTRY--TOPICAL TERM |
| 9 (RLIN) |
24907 |
| Topical term or geographic name as entry element |
English language |
| General subdivision |
Grammar -- Problems, exercises, etc. |
| 650 #0 - SUBJECT ADDED ENTRY--TOPICAL TERM |
| 9 (RLIN) |
24908 |
| Topical term or geographic name as entry element |
Report writing |
| General subdivision |
Problems, exercises, etc. |
| 700 ## - ADDED ENTRY--PERSONAL NAME |
| 9 (RLIN) |
24909 |
| Personal name |
McCuen, Jo Ray, author. |
| 942 ## - ADDED ENTRY ELEMENTS (KOHA) |
| Source of classification or shelving scheme |
Dewey Decimal Classification |
| Koha item type |
Circulation |